[Event "Philadelphia int op 11th"]
[Site "Philadelphia"]
[Date "2017.06.25"]
[Round "3"]
[White "Moon, Benjamin"]
[Black "Macaspac, Arthur"]
[Result "1-0"]
[WhiteElo "2304"]
[BlackElo "2059"]
[PlyCount "83"]
[EventDate "2017.06.24"]
[EventType "swiss"]
[EventRounds "9"]
[EventCountry "USA"]
[SourceTitle "CBM 179 Extra"]
[Source "ChessBase"]
[SourceDate "2017.08.23"]
[SourceVersion "1"]
[SourceVersionDate "2017.08.23"]
[SourceQuality "1"]

1. d4 Nf6 2. Bf4 d5 3. e3 c5 4. Nf3 Nc6 5. Nbd2 Bg4 6. c3 e6 7. Qb3 Qb6 8. Nh4 Be7 9. h3 Bh5 10. g4 Nd7 11. Ndf3 Bg6 12. Nxg6 hxg6 13. Bg2 Na5 14. Qxb6 axb6 15. Nd2 g5 16. Bg3 cxd4 17. exd4 Rc8 18. 0-0 Nc4 19. Nxc4 Rxc4 20. Rfc1 Rc8 21. c4 Rxc4 22. Rxc4 dxc4 23. Bxb7 f5 24. gxf5 exf5 25. Bc7 Rxh3 26. Bc6 c3 27. bxc3 Rxc3 28. d5 Kf8 29. a4 Rc2 30. Kg2 Kf7 31. Rh1 Bc5 32. Bxd7 Rxf2+ 33. Kg3 f4+ 34. Kg4 Rg2+ 35. Kf3 Rg3+ 36. Ke4 Be7 37. Be6+ Kg6 38. Bf5+ Kf7 39. d6 Re3+ 40. Kd5 Bf6 41. d7 Re2 42. Rd1 1-0